Sports Quiz

Random Sports Quiz
Score 0/60 Timer 10:00
0 Plays Today
# Wrestler % Correct
1Angélico
100%
1Awesome Kong
98.2%
1Christopher Daniels
98.2%
1Jack Evans
98.2%
1Michael Nakazawa
98.2%
1Big Swole
96.4%
1Billy Gunn
96.4%
1Dani Jordan
96.4%
1Leva Bates
96.4%
1Matt Knicks
96.4%
1Miranda Alize
96.4%
1Sonny Kiss
96.4%
7Chris Jericho
92.7%
4Cody
90.9%
7Matt Jackson
90.9%
8Nick Jackson
90.9%
10Adam Page
83.6%
2Dustin
83.6%
8Kenny Omega
80%
7Pentagon Jr.
80%
5Britt Baker
78.2%
7Jon Moxley
78.2%
7Rey Fenix
78.2%
4Riho
78.2%
6Scorpio Sky
78.2%
5Frankie Kazarian
76.4%
5Ortiz
76.4%
5Santana
76.4%
4Jungle Boy
74.5%
7Sammy Guevara
74.5%
# Wrestler % Correct
3Evil Uno
72.7%
3Marko Stunt
72.7%
2Orange Cassidy
72.7%
6PAC
72.7%
3Stu Grayson
72.7%
6Trent
70.9%
5Chuck Taylor
65.5%
5Darby Allin
65.5%
2Luchasaurus
65.5%
4Marq Quen
65.5%
4Isiah Kassidy
63.6%
3Joey Janela
63.6%
3MJF
61.8%
3Nyla Rose
61.8%
4Shawn Spears
61.8%
2Peter Avalon
60%
3Kip Sabian
56.4%
3Kris Statlander
56.4%
3Alex Reynolds
52.7%
2Butcher
52.7%
4Emi Sakura
52.7%
2John Silver
52.7%
2Blade
50.9%
4Hikaru Shida
50.9%
2Jimmy Havoc
49.1%
2Bea Priestley
47.3%
2Brandon Cutler
38.2%
2QT Marshall
36.4%
2Shanna
30.9%
2Jamie Hayter
18.2%

You're not logged in!

Compare scores with friends on all Sporcle quizzes.
OR
Log In

Sporcle TV

Today on Sporcle TV


Watch our educational content, quiz creation guides, and fun videos on Sporcle TV.

Show Comments

Extras

Top Quizzes Today


Score Distribution

Paid Content

Your Account Isn't Verified!

In order to create a playlist on Sporcle, you need to verify the email address you used during registration. Go to your Sporcle Settings to finish the process.

Report this User

Report this user for behavior that violates our Community Guidelines.

Details: